Quick Pick: Which Mark? Quiz Stats

Quiz Updated Jun 25, 2016

Challenge
Share
Tweet
Embed
Score 0/10 Timer 01:00
0 Plays Today
% Correct
Mark Zuckerberg
95.5%
Mark Twain
92.3%
Mark Hamill
90.3%
Mark Antony
88.3%
Mark Wahlberg
86%
Mark David Chapman
84.4%
Mark Spitz
83.6%
Mark Cuban
81.8%
Mark Cavendish
76.6%
Mark Rothko
65.6%

Today's Daily Dose

Word Ladder
Summertime

On This Day
June 23rd II

You're not logged in!

Compare scores with friends on all Sporcle quizzes.
Join for Free
OR
Log In

You Might Also Like...

Show Comments

Extras

Top Quizzes Today


Score Distribution

Your Account Isn't Verified!

In order to create a playlist on Sporcle, you need to verify the email address you used during registration. Go to your Sporcle Settings to finish the process.

Report this User

Report this user for behavior that violates our Community Guidelines.

Details: